Movies Quiz

Random Movies or Decade Quiz

Movie By Actors Quiz Stats

 Plays Quiz Updated Dec 10, 2018

Support Sporcle.
Go Orange.
Score 0/22 Timer 05:00
1 Play Today
Actors Movie % Correct
Zach Galifianakis, Ed Helms, Bradley CooperThe Hangover
88.9%
Jim Carrey, Lauren Holly, Jeff DanielsDumb and Dumber
68%
Billy Crystal, Bruno Kirby, Meg RyanWhen Harry Met Sally
54.9%
Bruce Willis, Ving Rhames, Uma ThurmanPulp Fiction
50.2%
John Travolta, Olympia Dukakis, Kirstie AlleyLook Who's Talking
44.9%
Kiefer Sutherland, Corey Feldman, River PhoenixStand By Me
44.6%
Michael Douglas, Jeanne Tripplehorn, Sharon StoneBasic Instinct
43.6%
Johnny Depp, Leonardo DiCaprio, Juliette LewisWhat's Eating Gilbert Grape
43.6%
Richard Dreyfuss, Robert Shaw, Roy ScheiderJaws
41.9%
John Lithgow, Lori Singer, Kevin BaconFootloose
36.9%
Daniel Day-Lewis, Jim Broadbent, Cameron DiazGangs of New York
36.9%
Actors Movie % Correct
Natalie Portman, Clive Owen, Julia RobertsCloser
33.8%
Matthew Broderick, Morgan Freeman, Denzel WashingtonGlory
30.6%
Meryl Streep, Robert De Niro, Christopher WalkenThe Deer Hunter
28.2%
Marlon Wayans, Jennifer Connelly, Jared LetoRequiem for a Dream
22.9%
Kurt Russell, James Hong, Kim CattrallBig Trouble in Little China
22.3%
Tom Hanks, Stanley Tucci, Zoe SaldanaThe Terminal
19.7%
Brian Cox, Scarlett Johansson, Jonathan Rhys MeyersMatch Point
16.5%
Cybill Shepherd, Jeff Bridges, Timothy BottomsThe Last Picture Show
12.2%
Kevin Kline, Glenn Close, Jeff GoldblumThe Big Chill
11.5%
Sally Field, Beau Bridges, Pat HingleNorma Rae
9.8%
Cate Blanchett, Angelina Jolie, John CusackPushing Tin
6.6%

From the Vault

Marvel 8 to 1: Captain Marvel

by sturcsanyi

Too bad you don't get her powers if you ace this quiz.
Remove Ads.
Support Sporcle.
Get the best of Sporcle when you Go Orange. This ad-free experience offers more features, more stats, and more fun while also helping to support Sporcle. Thank you for becoming a member.

Show Comments

Extras

Top Quizzes Today


Score Distribution

Your Account Isn't Verified!

In order to create a playlist on Sporcle, you need to verify the email address you used during registration. Go to your Sporcle Settings to finish the process.

Report this User

Report this user for behavior that violates our Community Guidelines.

Details: